One Piece: Logia Devil Fruit Users - Sudden Death - Statistics

General Stats
  • This quiz has been taken 6,001 times
  • The average score is 8 of 14
Answers on the Grid
Answers color-coded by a green-red scale on the quiz's grid according to % correct below.
Akainu
Aokiji
Avalo Pizarro
Basil Hawkins
Blackbeard
Caesar Clown
Caribou
Charlotte Katakuri
Charlotte Perospero
Crocodile
Enel
Fujitora
Galdino (Mr. 3)
Gecko Moria
Jozu
Kalifa
Karasu
Kizaru
Magellan
Monet
Monkey D. Dragon
Pica
Portgas D. Ace
Ryokugyu
Sabo
Smoker
Trebol
Vasco Shot
 
Answer Stats
Answer % Correct
Magma Akainu
93%
Ice Aokiji
90%
Lightning Enel
70%
Sand Crocodile
69%
Darkness Blackbeard
68%
Gas Caesar Clown
67%
Swamp Caribou
57%
Fire Portgas D. Ace
53%
Light Kizaru
52%
Smoke Smoker
52%
Fire Sabo
51%
Snow Monet
40%
Plants Ryokugyu
30%
Soot Karasu
27%
No matching quizzes found
Score Distribution
Percent of People with Each Score
Percentile by Number Answered
Your Score History
You have not taken this quiz